Modo de rezar la benedicta en la octava de la Purisima Concepcion de la gran señora en el convento de N.M.Sta. Catalina de Sena

Detalles Bibliográficos
Formato: Libro
Lenguaje:Undetermined
Spanish
Publicado: Puebla : 1921
Materias:
Colección:Banco de datos
Acervo:Monasterio de Santa Catalina de Siena de la Orden de Santo Domingo de Puebla. Puebla
Descripción Física:12 p. ; 8º
Tema general:Liturgia
LEADER 00691nam a2200157Ia 4500
008 150723s9999 xx 000 0 und d
041 0 |a spa 
245 1 0 |a Modo de rezar la benedicta en la octava de la Purisima Concepcion de la gran señora en el convento de N.M.Sta. Catalina de Sena  
260 |a Puebla :   |b imprenta "Alarcon" de Arturo Pérez,   |c 1921 
300 |a 12 p.   |c  ; 8º 
501 |a 1 obra (290A) 
650 1 0 |a Liturgia  
949 |a Monasterio de Santa Catalina de Siena y Santa Ana del Convento de Dominicas del Estado de Puebla: 290A, 592, 593 
942 |c DOMPUE 
943 |g Monasterio de Santa Catalina de Siena de la Orden de Santo Domingo de Puebla. Puebla 
999 |c 1105256  |d 1105256